00613nam a2200181 a 450000100100000000500170001000800410002704000250006808200160009310000250010924500440013426000540017830000360023249000130026883000190028195201140030099900170041400003518620200930074149.0111025s1992 dr 000 0 spa d aDO-SdBNPbspacBNPHU axxxxbD632n1 aDobal, Carlos92632210aNuevas del nuevo mundo /cCarlos Dobal. aSantiago, República Dominicana :bPUCMM,c1992. a123 p. :bils., retrs ;c24 cm.1 aEstudios 0aEstudios93854 0010718PDaGRbGRcCTd2011-10-25iLF1l0oxxxx D632np35186-10r2020-06-25w2020-06-25yLFPDZNo se presta c34677d34677